Famous fashion designers - Statistics

General Stats
  • This quiz has been taken 95 times
  • The average score is 8 of 12
Answer Stats
Hint Answer % Correct
coco chanel
100%
calvin klein
98%
giorgio armani
97%
christian dior
92%
jimmy choo
91%
michael kors
87%
wang vera
74%
versace gianni
69%
christian louboutin
51%
manolo blahnik
42%
dolce gabanna
40%
valentino garivani
1%
No matching quizzes found
Score Distribution
Percent of People with Each Score
Percentile by Number Answered
Your Score History
You have not taken this quiz